[Event "Tournoi GMI ECAM LaSalle Lyon 2024"]
[Site "?"]
[Date "2024.04.23"]
[Round "3.3"]
[White "Droin, Augustin"]
[Black "Poetsch, Hagen"]
[Result "1/2-1/2"]
[WhiteElo "2478"]
[BlackElo "2460"]
[PlyCount "110"]
[EventDate "2024.04.??"]
[EventType "tourn"]

1. e4 {[%emt 0:08:21]} e5 {[%emt 0:00:28]} 2. Nf3 {[%emt 0:00:09]} Nf6 {
[%emt 0:00:05]} 3. Nxe5 {[%emt 0:03:09]} d6 {[%emt 0:00:09]} 4. Nd3 {
[%emt 0:00:10]} Nxe4 {[%emt 0:00:06]} 5. Qe2 {[%emt 0:00:14]} Qe7 {
[%emt 0:00:04]} 6. Nf4 {[%emt 0:00:04]} Nf6 {[%emt 0:01:19]} 7. d4 {
[%emt 0:01:28]} Qxe2+ {[%emt 0:00:35]} 8. Bxe2 {[%emt 0:00:07]} d5 {
[%emt 0:06:34]} 9. c3 {[%emt 0:00:28]} Bd6 {[%emt 0:00:31]} 10. Na3 {
[%emt 0:00:18]} c6 {[%emt 0:01:03]} 11. Nc2 {[%emt 0:00:04]} O-O {
[%emt 0:03:00]} 12. f3 {[%emt 0:02:05]} Bf5 {[%emt 0:03:33]} 13. Bd3 {
[%emt 0:24:50]} Bxd3 {[%emt 0:06:30]} 14. Nxd3 {[%emt 0:00:54]} Nbd7 {
[%emt 0:00:32]} 15. g4 {[%emt 0:01:29]} Rfe8+ {[%emt 0:05:30]} 16. Kf2 {
[%emt 0:00:07]} Re7 {[%emt 0:05:23]} 17. Bf4 {[%emt 0:02:23]} Bxf4 {
[%emt 0:02:31]} 18. Nxf4 {[%emt 0:00:04]} g5 {[%emt 0:02:25]} 19. Ng2 {
[%emt 0:05:21]} Rae8 {[%emt 0:06:53]} 20. Nce3 {[%emt 0:01:30]} h5 {
[%emt 0:13:13]} 21. h4 {[%emt 0:00:18]} gxh4 {[%emt 0:02:07]} 22. g5 {
[%emt 0:17:17]} Nh7 {[%emt 0:00:06]} 23. f4 {[%emt 0:00:03]} Ndf8 {
[%emt 0:02:23]} 24. Rxh4 {[%emt 0:06:03]} f6 {[%emt 0:05:35]} 25. Rxh5 {
[%emt 0:03:49]} fxg5 {[%emt 0:00:21]} 26. fxg5 {[%emt 0:00:45]} Rf7+ {
[%emt 0:08:52]} 27. Ke2 {[%emt 0:01:40]} Rg7 {[%emt 0:01:31]} 28. Kd3 {
[%emt 0:04:35]} Rxg5 {[%emt 0:00:28]} 29. Rxg5+ {[%emt 0:00:26]} Nxg5 {
[%emt 0:00:06]} 30. Nf5 {[%emt 0:00:51]} Ng6 {[%emt 0:03:18]} 31. Rg1 {
[%emt 0:02:16]} Nh3 {[%emt 0:02:39]} 32. Rf1 {[%emt 0:00:11]} Re6 {
[%emt 0:06:04]} 33. Nh6+ {[%emt 0:03:46]} Kg7 {[%emt 0:00:29]} 34. Nf5+ {
[%emt 0:00:17]} Kg8 {[%emt 0:00:10]} 35. Nh6+ {[%emt 0:00:40]} Kg7 {
[%emt 0:00:05]} 36. Nf7 {[%emt 0:01:12]} b6 {[%emt 0:03:04]} 37. a4 {
[%emt 0:04:16]} c5 {[%emt 0:03:42]} 38. b3 {[%emt 0:01:39]} Rf6 {[%emt 0:02:03]
} 39. Rxf6 {[%emt 0:00:05]} Kxf6 {[%emt 0:00:05]} 40. Nd6 {[%emt 0:05:21]} Ne7
{[%emt 0:02:26]} 41. dxc5 {[%emt 0:01:50]} bxc5 {[%emt 0:00:09]} 42. Nb7 {
[%emt 0:00:07]} Nf2+ {[%emt 0:01:05]} 43. Kc2 {[%emt 0:01:43]} Ne4 {
[%emt 0:01:16]} 44. Nf4 {[%emt 0:00:03]} Kf5 {[%emt 0:02:49]} 45. Nd3 {
[%emt 0:00:30]} c4 {[%emt 0:00:11]} 46. bxc4 {[%emt 0:04:56]} dxc4 {
[%emt 0:00:13]} 47. Nb2 {[%emt 0:00:13]} Nd5 {[%emt 0:00:19]} 48. Nxc4 {
[%emt 0:00:04]} Nexc3 {[%emt 0:00:40]} 49. Ne3+ {[%emt 0:00:07]} Ke4 {
[%emt 0:00:41]} 50. Nxd5 {[%emt 0:00:06]} Nxd5 {[%emt 0:00:24]} 51. Nd6+ {
[%emt 0:00:08]} Kd4 {[%emt 0:00:10]} 52. Nb5+ {[%emt 0:00:08]} Kc4 {
[%emt 0:00:06]} 53. Nxa7 {[%emt 0:00:03]} Kb4 {[%emt 0:00:07]} 54. Nc6+ {
[%emt 0:00:04]} Kxa4 {[%emt 0:00:05]} 55. Nb4 {[%emt 0:00:02]} Kxb4 {
[%emt 0:00:09]} 1/2-1/2

[Event "Tournoi GMI ECAM LaSalle Lyon 2024"]
[Site "?"]
[Date "2024.04.23"]
[Round "3.1"]
[White "Vlachos, Anatole"]
[Black "Crut, Aurelien"]
[Result "1-0"]
[WhiteElo "2482"]
[BlackElo "2312"]
[PlyCount "57"]
[EventDate "2024.04.??"]
[EventType "tourn"]

1. e4 {[%emt 0:00:01]} e6 {[%emt 0:00:06]} 2. d4 {[%emt 0:00:06]} d5 {
[%emt 0:00:03]} 3. Nc3 {[%emt 0:00:05]} Bb4 {[%emt 0:00:14]} 4. Nge2 {
[%emt 0:00:11]} Nc6 {[%emt 0:00:25]} 5. a3 {[%emt 0:00:14]} Ba5 {[%emt 0:00:29]
} 6. b4 {[%emt 0:00:07]} Bb6 {[%emt 0:00:06]} 7. Bb2 {[%emt 0:00:05]} Nge7 {
[%emt 0:02:21]} 8. Na4 {[%emt 0:00:34]} O-O {[%emt 0:04:19]} 9. Ng3 {
[%emt 0:03:43]} dxe4 {[%emt 0:18:24]} 10. Nxb6 {[%emt 0:00:07]} axb6 {
[%emt 0:00:06]} 11. b5 {[%emt 0:06:40]} Na5 {[%emt 0:09:12]} 12. Nxe4 {
[%emt 0:00:07]} Ng6 {[%emt 0:08:27]} 13. h4 {[%emt 0:03:16]} f5 {[%emt 0:06:15]
} 14. Ng5 {[%emt 0:00:46]} h6 {[%emt 0:06:21]} 15. Nf3 {[%emt 0:00:04]} Qd5 {
[%emt 0:10:43]} 16. h5 {[%emt 0:02:32]} Qe4+ {[%emt 0:07:22]} 17. Qe2 {
[%emt 0:00:38]} Qxe2+ {[%emt 0:01:21]} 18. Bxe2 {[%emt 0:00:02]} Nh8 {
[%emt 0:04:15]} 19. Ne5 {[%emt 0:02:14]} Nf7 {[%emt 0:01:52]} 20. O-O-O {
[%emt 0:00:11]} Rd8 {[%emt 0:01:49]} 21. g4 {[%emt 0:08:40]} Nxe5 {
[%emt 0:04:55]} 22. dxe5 {[%emt 0:00:02]} Bd7 {[%emt 0:00:24]} 23. Rd3 {
[%emt 0:02:49]} Be8 {[%emt 0:02:11]} 24. gxf5 {[%emt 0:00:06]} exf5 {
[%emt 0:03:18]} 25. e6 {[%emt 0:00:07]} Rxd3 {[%emt 0:01:05]} 26. Bxd3 {
[%emt 0:00:06]} Rd8 {[%emt 0:01:28]} 27. Rg1 {[%emt 0:00:30]} g5 {
[%emt 0:00:41]} 28. hxg6 {[%emt 0:00:05]} Rd6 {[%emt 0:00:39]} 29. g7 {
[%emt 0:00:39]} 1-0

[Event "Tournoi GMI ECAM LaSalle Lyon 2024"]
[Site "?"]
[Date "2024.04.23"]
[Round "3.4"]
[White "Tahay, Alexis"]
[Black "Boyer, Mahel"]
[Result "0-1"]
[WhiteElo "2382"]
[BlackElo "2432"]
[PlyCount "122"]
[EventDate "2024.04.??"]
[EventType "tourn"]

1. e4 {[%emt 0:00:09]} a6 {[%emt 0:00:08]} 2. d4 {[%emt 0:00:06]} e6 {
[%emt 0:00:04]} 3. Nf3 {[%emt 0:02:01]} d5 {[%emt 0:00:05]} 4. Nbd2 {
[%emt 0:00:05]} c5 {[%emt 0:00:04]} 5. Bd3 {[%emt 0:03:24]} c4 {[%emt 0:01:17]}
6. Be2 {[%emt 0:00:05]} dxe4 {[%emt 0:02:05]} 7. Nxe4 {[%emt 0:00:17]} b5 {
[%emt 0:00:01]} 8. b3 {[%emt 0:07:00]} Bb7 {[%emt 0:01:35]} 9. Ng3 {
[%emt 0:00:51]} Bb4+ {[%emt 0:06:45]} 10. Bd2 {[%emt 0:00:29]} Bxd2+ {
[%emt 0:00:04]} 11. Qxd2 {[%emt 0:00:07]} cxb3 {[%emt 0:00:03]} 12. axb3 {
[%emt 0:00:08]} Nf6 {[%emt 0:00:02]} 13. O-O {[%emt 0:02:04]} O-O {
[%emt 0:00:09]} 14. c4 {[%emt 0:02:48]} bxc4 {[%emt 0:08:50]} 15. bxc4 {
[%emt 0:00:03]} Nbd7 {[%emt 0:00:34]} 16. Rfd1 {[%emt 0:04:35]} Qc7 {
[%emt 0:02:21]} 17. Rac1 {[%emt 0:02:16]} Rfd8 {[%emt 0:00:24]} 18. Qe3 {
[%emt 0:01:42]} Rac8 {[%emt 0:07:05]} 19. Nd2 {[%emt 0:06:48]} a5 {
[%emt 0:06:13]} 20. Bf3 {[%emt 0:09:52]} Rb8 {[%emt 0:07:38]} 21. Bxb7 {
[%emt 0:03:12]} Rxb7 {[%emt 0:00:16]} 22. Nde4 {[%emt 0:03:27]} Rb4 {
[%emt 0:06:29]} 23. d5 {[%emt 0:02:54]} Nxe4 {[%emt 0:00:43]} 24. Nxe4 {
[%emt 0:00:47]} exd5 {[%emt 0:03:56]} 25. cxd5 {[%emt 0:00:28]} Qe5 {
[%emt 0:00:04]} 26. Qg5 {[%emt 0:08:17]} Qxg5 {[%emt 0:02:37]} 27. Nxg5 {
[%emt 0:00:09]} Nf6 {[%emt 0:01:08]} 28. d6 {[%emt 0:00:47]} h6 {[%emt 0:00:09]
} 29. Nf3 {[%emt 0:00:03]} Rb6 {[%emt 0:00:13]} 30. g3 {[%emt 0:11:57]} Rbxd6 {
[%emt 0:00:25]} 31. Rxd6 {[%emt 0:00:01]} Rxd6 {[%emt 0:00:04]} 32. Rc8+ {
[%emt 0:00:05]} Kh7 {[%emt 0:00:03]} 33. Ra8 {[%emt 0:00:06]} Rd5 {
[%emt 0:01:33]} 34. Ra7 {[%emt 0:00:43]} Nd7 {[%emt 0:00:23]} 35. h4 {
[%emt 0:00:31]} g6 {[%emt 0:01:01]} 36. Kg2 {[%emt 0:04:07]} Kg7 {
[%emt 0:00:17]} 37. g4 {[%emt 0:00:26]} Nf8 {[%emt 0:04:46]} 38. Ng1 {
[%emt 0:06:56]} Ne6 {[%emt 0:06:35]} 39. Ne2 {[%emt 0:00:52]} h5 {
[%emt 0:10:36]} 40. g5 {[%emt 0:00:11]} Rd2 {[%emt 0:01:51]} 41. Kf1 {
[%emt 0:05:16]} Rd5 {[%emt 0:02:30]} 42. f3 {[%emt 0:02:35]} Rc5 {
[%emt 0:02:31]} 43. Kf2 {[%emt 0:06:37]} Rc2 {[%emt 0:01:03]} 44. Ke3 {
[%emt 0:00:30]} Ra2 {[%emt 0:00:20]} 45. f4 {[%emt 0:06:15]} a4 {[%emt 0:04:01]
} 46. Ra8 {[%emt 0:08:13]} Nc7 {[%emt 0:02:29]} 47. Ra5 {[%emt 0:01:40]} Ne6 {
[%emt 0:00:21]} 48. Kd3 {[%emt 0:03:55]} Ra3+ {[%emt 0:01:38]} 49. Ke4 {
[%emt 0:00:25]} Rh3 {[%emt 0:00:10]} 50. Nd4 {[%emt 0:02:03]} Nxd4 {
[%emt 0:04:53]} 51. Kxd4 {[%emt 0:00:03]} Ra3 {[%emt 0:00:11]} 52. f5 {
[%emt 0:05:11]} gxf5 {[%emt 0:00:15]} 53. Rxf5 {[%emt 0:00:02]} Rh3 {
[%emt 0:01:29]} 54. Rf4 {[%emt 0:01:45]} Rg3 {[%emt 0:00:07]} 55. Ke5 {
[%emt 0:01:05]} Rg4 {[%emt 0:00:02]} 56. Rf6 {[%emt 0:00:06]} Rxh4 {
[%emt 0:00:08]} 57. Ra6 {[%emt 0:02:31]} Rb4 {[%emt 0:00:05]} 58. Kf5 {
[%emt 0:00:16]} h4 {[%emt 0:00:04]} 59. g6 {[%emt 0:01:50]} h3 {[%emt 0:01:03]}
60. gxf7 {[%emt 0:01:26]} Kxf7 {[%emt 0:02:38]} 61. Ra7+ {[%emt 0:00:37]} Ke8 {
[%emt 0:00:06]} 0-1

[Event "Tournoi GMI ECAM LaSalle Lyon 2024"]
[Site "?"]
[Date "2024.04.24"]
[Round "4.1"]
[White "Droin, Augustin"]
[Black "Tahay, Alexis"]
[Result "1-0"]
[WhiteElo "2478"]
[BlackElo "2382"]
[PlyCount "125"]
[EventDate "2024.04.??"]
[EventType "tourn"]

1. e4 {[%emt 0:00:35]} c5 {[%emt 0:00:05]} 2. Nf3 {[%emt 0:00:07]} d6 {
[%emt 0:00:04]} 3. d4 {[%emt 0:00:04]} cxd4 {[%emt 0:00:02]} 4. Nxd4 {
[%emt 0:00:04]} Nf6 {[%emt 0:00:03]} 5. Bb5+ {[%emt 0:00:04]} Bd7 {
[%emt 0:00:42]} 6. c4 {[%emt 0:00:05]} Bxb5 {[%emt 0:00:22]} 7. Nxb5 {
[%emt 0:00:47]} Nc6 {[%emt 0:02:04]} 8. N1c3 {[%emt 0:02:08]} a6 {
[%emt 0:02:10]} 9. Nd4 {[%emt 0:00:18]} g6 {[%emt 0:00:18]} 10. Nxc6 {
[%emt 0:06:30]} bxc6 {[%emt 0:00:07]} 11. c5 {[%emt 0:00:01]} Bg7 {
[%emt 0:05:53]} 12. Qa4 {[%emt 0:03:02]} O-O {[%emt 0:03:12]} 13. Qxc6 {
[%emt 0:05:52]} dxc5 {[%emt 0:07:28]} 14. Qxc5 {[%emt 0:11:04]} Rc8 {
[%emt 0:12:33]} 15. Qe3 {[%emt 0:00:15]} Qc7 {[%emt 0:00:19]} 16. Qe2 {
[%emt 0:04:55]} Nd7 {[%emt 0:11:28]} 17. O-O {[%emt 0:01:40]} Qc4 {
[%emt 0:01:54]} 18. Qxc4 {[%emt 0:07:30]} Rxc4 19. Rd1 {[%emt 0:00:37]} Nc5 {
[%emt 0:00:58]} 20. f3 {[%emt 0:00:06]} Na4 {[%emt 0:11:04]} 21. Nxa4 {
[%emt 0:01:08]} Rxa4 {[%emt 0:00:02]} 22. b3 {[%emt 0:07:52]} Rxe4 {
[%emt 0:06:27]} 23. fxe4 {[%emt 0:00:05]} Bxa1 {[%emt 0:00:03]} 24. Bg5 {
[%emt 0:00:04]} Bf6 {[%emt 0:00:09]} 25. Bxf6 {[%emt 0:00:03]} exf6 {
[%emt 0:00:03]} 26. Rd6 {[%emt 0:00:02]} Ra8 {[%emt 0:02:08]} 27. Rxf6 {
[%emt 0:04:39]} a5 {[%emt 0:00:21]} 28. Rf1 {[%emt 0:12:40]} Rc8 {
[%emt 0:02:14]} 29. Rd1 {[%emt 0:05:52]} Rc2 {[%emt 0:00:44]} 30. a4 {
[%emt 0:00:34]} Rb2 {[%emt 0:00:20]} 31. Rd8+ {[%emt 0:00:05]} Kg7 {
[%emt 0:00:10]} 32. Rb8 {[%emt 0:00:02]} Kf6 {[%emt 0:00:43]} 33. Rb5 {
[%emt 0:00:04]} h5 {[%emt 0:00:13]} 34. h4 {[%emt 0:07:07]} Ke6 {[%emt 0:02:23]
} 35. g3 {[%emt 0:00:52]} f6 {[%emt 0:01:42]} 36. Kf1 {[%emt 0:00:06]} Kd6 {
[%emt 0:01:18]} 37. Kg1 {[%emt 0:03:51]} Ke6 {[%emt 0:00:09]} 38. Kf1 {
[%emt 0:03:42]} Kd6 {[%emt 0:00:30]} 39. Ke1 {[%emt 0:00:04]} Rg2 {
[%emt 0:03:39]} 40. Rd5+ {[%emt 0:00:37]} Kc6 {[%emt 0:02:21]} 41. Rd3 {
[%emt 0:22:49]} Rb2 {[%emt 0:00:56]} 42. Rf3 {[%emt 0:00:08]} Kc5 {
[%emt 0:05:06]} 43. Rxf6 {[%emt 0:00:18]} Rxb3 {[%emt 0:01:15]} 44. Kf2 {
[%emt 0:01:09]} Kd4 {[%emt 0:00:17]} 45. Rxg6 {[%emt 0:00:39]} Kxe4 {
[%emt 0:01:01]} 46. Kg2 {[%emt 0:00:16]} Rb4 {[%emt 0:01:24]} 47. Rg5 {
[%emt 0:00:04]} Rxa4 {[%emt 0:00:04]} 48. Rxh5 {[%emt 0:00:01]} Ra1 {
[%emt 0:01:38]} 49. Kh3 {[%emt 0:00:05]} Kd4 {[%emt 0:02:14]} 50. Kg4 {
[%emt 0:00:34]} Kc4 {[%emt 0:01:04]} 51. Rh8 {[%emt 0:01:14]} a4 {
[%emt 0:02:56]} 52. Ra8 {[%emt 0:02:32]} a3 {[%emt 0:01:22]} 53. Kh5 {
[%emt 0:00:09]} Kb4 {[%emt 0:04:15]} 54. Rb8+ {[%emt 0:02:23]} Kc4 {
[%emt 0:00:02]} 55. Ra8 {[%emt 0:01:30]} Kb4 {[%emt 0:00:01]} 56. g4 {
[%emt 0:00:51]} Rc1 {[%emt 0:00:48]} 57. g5 {[%emt 0:03:11]} Rc5 {
[%emt 0:00:09]} 58. Rxa3 {[%emt 0:00:03]} Kxa3 {[%emt 0:00:04]} 59. Kh6 {
[%emt 0:00:01]} Kb4 {[%emt 0:07:07]} 60. g6 {[%emt 0:00:04]} Kc3 {
[%emt 0:00:16]} 61. h5 {[%emt 0:00:44]} Kd4 {[%emt 0:02:08]} 62. g7 {
[%emt 0:00:03]} Rc8 {[%emt 0:00:04]} 63. Kh7 {[%emt 0:00:03]} 1-0

[Event "Tournoi GMI ECAM LaSalle Lyon 2024"]
[Site "?"]
[Date "2024.04.24"]
[Round "4.5"]
[White "Poetsch, Hagen"]
[Black "Fedorchuk, Sergey A"]
[Result "0-1"]
[WhiteElo "2460"]
[BlackElo "2557"]
[PlyCount "78"]
[EventDate "2024.04.??"]
[EventType "tourn"]

1. e4 {[%emt 0:10:54]} e5 {[%emt 0:00:55]} 2. Nf3 {[%emt 0:00:06]} Nc6 {
[%emt 0:00:08]} 3. Bc4 {[%emt 0:01:28]} Bc5 {[%emt 0:00:24]} 4. c3 {
[%emt 0:00:17]} Nf6 {[%emt 0:00:31]} 5. d4 {[%emt 0:00:05]} exd4 {
[%emt 0:01:11]} 6. e5 {[%emt 0:00:15]} d5 {[%emt 0:02:32]} 7. Bb5 {
[%emt 0:00:06]} Ne4 {[%emt 0:00:18]} 8. cxd4 {[%emt 0:00:06]} Bb6 {
[%emt 0:00:11]} 9. Nc3 {[%emt 0:00:08]} O-O {[%emt 0:03:11]} 10. Be3 {
[%emt 0:00:12]} Bg4 {[%emt 0:02:36]} 11. h3 {[%emt 0:00:33]} Bh5 {
[%emt 0:00:09]} 12. Qc2 {[%emt 0:00:19]} Bg6 {[%emt 0:01:22]} 13. Qb3 {
[%emt 0:00:07]} Ne7 {[%emt 0:00:08]} 14. O-O {[%emt 0:00:08]} c6 {
[%emt 0:00:31]} 15. Bd3 {[%emt 0:00:29]} Nf5 {[%emt 0:03:14]} 16. Rad1 {
[%emt 0:10:49]} Nxe3 {[%emt 0:09:25]} 17. fxe3 {[%emt 0:00:27]} Ng3 {
[%emt 0:01:34]} 18. Rfe1 {[%emt 0:05:53]} Bxd3 {[%emt 0:03:25]} 19. Rxd3 {
[%emt 0:00:07]} Qe7 {[%emt 0:00:17]} 20. e4 {[%emt 0:13:05]} dxe4 {
[%emt 0:07:46]} 21. Nxe4 {[%emt 0:00:06]} Nxe4 {[%emt 0:00:24]} 22. Rxe4 {
[%emt 0:00:07]} Rad8 {[%emt 0:00:13]} 23. Nd2 {[%emt 0:40:37]} Kh8 {
[%emt 0:10:14]} 24. Kh1 {[%emt 0:02:32]} h6 {[%emt 0:11:02]} 25. Nc4 {
[%emt 0:01:22]} f5 {[%emt 0:00:22]} 26. Rf4 {[%emt 0:05:58]} g5 {[%emt 0:10:10]
} 27. Rf1 {[%emt 0:00:22]} Bxd4 {[%emt 0:00:17]} 28. Nd6 {[%emt 0:00:37]} Bb6 {
[%emt 0:00:16]} 29. Qc3 {[%emt 0:05:36]} Qe6 {[%emt 0:05:28]} 30. Rdf3 {
[%emt 0:01:03]} f4 {[%emt 0:03:59]} 31. Nxb7 {[%emt 0:00:07]} Rd5 {
[%emt 0:01:46]} 32. Nd6 {[%emt 0:02:02]} Bd4 {[%emt 0:02:06]} 33. Qa3 {
[%emt 0:00:07]} Rxe5 {[%emt 0:05:59]} 34. Nc4 {[%emt 0:00:27]} Ref5 {
[%emt 0:00:17]} 35. Qd3 {[%emt 0:00:29]} Rd5 {[%emt 0:01:16]} 36. Qc2 {
[%emt 0:00:45]} Re8 {[%emt 0:01:23]} 37. Rb3 {[%emt 0:00:37]} Bg7 {
[%emt 0:11:14]} 38. Rb7 {[%emt 0:00:25]} g4 {[%emt 0:00:23]} 39. hxg4 {
[%emt 0:00:42]} Qxg4 {[%emt 0:00:23]} 0-1

[Event "Tournoi GMI ECAM LaSalle Lyon 2024"]
[Site "?"]
[Date "2024.04.24"]
[Round "4.2"]
[White "Boyer, Mahel"]
[Black "Vlachos, Anatole"]
[Result "1/2-1/2"]
[WhiteElo "2432"]
[BlackElo "2482"]
[PlyCount "81"]
[EventDate "2024.04.??"]
[EventType "tourn"]

1. Nf3 {[%emt 0:06:56]} d5 {[%emt 0:00:10]} 2. g3 {[%emt 0:00:06]} Nf6 {
[%emt 0:02:37]} 3. Bg2 {[%emt 0:00:15]} e6 {[%emt 0:01:53]} 4. O-O {
[%emt 0:00:40]} Be7 {[%emt 0:00:04]} 5. c4 {[%emt 0:01:00]} O-O {[%emt 0:00:13]
} 6. b3 {[%emt 0:00:56]} b6 {[%emt 0:00:04]} 7. cxd5 {[%emt 0:07:23]} Nxd5 {
[%emt 0:00:52]} 8. d4 {[%emt 0:01:28]} Bb7 {[%emt 0:00:56]} 9. Re1 {
[%emt 0:00:10]} c5 {[%emt 0:02:22]} 10. e4 {[%emt 0:01:04]} Nf6 {[%emt 0:01:47]
} 11. Nc3 {[%emt 0:00:17]} Nbd7 {[%emt 0:09:52]} 12. d5 {[%emt 0:03:28]} exd5 {
[%emt 0:26:00]} 13. e5 {[%emt 0:05:19]} Ne8 {[%emt 0:00:05]} 14. Nxd5 {
[%emt 0:00:09]} Nc7 {[%emt 0:00:05]} 15. Nxc7 {[%emt 0:05:03]} Qxc7 {
[%emt 0:00:12]} 16. Bf4 {[%emt 0:00:01]} Qc8 {[%emt 0:07:39]} 17. Qe2 {
[%emt 0:22:05]} Nb8 {[%emt 0:07:31]} 18. e6 {[%emt 0:07:15]} fxe6 {
[%emt 0:01:38]} 19. Rad1 {[%emt 0:07:05]} Nc6 {[%emt 0:04:54]} 20. Bh3 {
[%emt 0:00:43]} Nd8 {[%emt 0:00:05]} 21. Ne5 {[%emt 0:03:34]} Bf6 {
[%emt 0:08:25]} 22. Rd6 {[%emt 0:00:03]} Ba6 {[%emt 0:03:50]} 23. Qd2 {
[%emt 0:10:04]} Bb5 {[%emt 0:02:23]} 24. Rd1 {[%emt 0:00:17]} Be7 {
[%emt 0:02:14]} 25. Rxe6 {[%emt 0:03:29]} Nxe6 {[%emt 0:02:01]} 26. Qd5 {
[%emt 0:00:02]} Kh8 {[%emt 0:05:50]} 27. Bxe6 {[%emt 0:00:34]} Qd8 {
[%emt 0:01:42]} 28. Qf3 {[%emt 0:01:27]} Qe8 29. a4 {[%emt 0:03:51]} Bf6 {
[%emt 0:00:49]} 30. Nf7+ {[%emt 0:06:42]} Rxf7 {[%emt 0:00:05]} 31. Bxf7 {
[%emt 0:00:02]} Bc6 {[%emt 0:00:12]} 32. Bd5 {[%emt 0:00:51]} Bxd5 {
[%emt 0:01:47]} 33. Rxd5 {[%emt 0:00:03]} Rd8 {[%emt 0:00:35]} 34. Rxd8 {
[%emt 0:02:40]} Qxd8 {[%emt 0:00:03]} 35. Qb7 {[%emt 0:01:45]} Qd1+ {
[%emt 0:06:15]} 36. Kg2 Qxb3 {[%emt 0:00:07]} 37. a5 {[%emt 0:00:01]} g5 {
[%emt 0:01:13]} 38. Bb8 {[%emt 0:01:00]} Qa2 {[%emt 0:02:16]} 39. Qa8 {
[%emt 0:01:00]} bxa5 {[%emt 0:00:38]} 40. Be5+ {[%emt 0:00:38]} Kg7 41. Qxa7+ {
[%emt 0:03:17]} 1/2-1/2

[Event "Tournoi GMI ECAM LaSalle Lyon 2024"]
[Site "?"]
[Date "2024.04.24"]
[Round "4.4"]
[White "Shyaamnikhil P"]
[Black "Pourramezanali, Amirreza"]
[Result "0-1"]
[WhiteElo "2390"]
[BlackElo "2502"]
[PlyCount "94"]
[EventDate "2024.04.??"]
[EventType "tourn"]

1. e4 {[%emt 0:00:13]} c6 {[%emt 0:00:06]} 2. d4 {[%emt 0:04:33]} d5 {
[%emt 0:00:06]} 3. Nd2 {[%emt 0:00:18]} dxe4 {[%emt 0:00:08]} 4. Nxe4 {
[%emt 0:00:04]} Nd7 {[%emt 0:00:17]} 5. Nf3 {[%emt 0:01:33]} Ngf6 {
[%emt 0:00:08]} 6. Ned2 {[%emt 0:02:22]} g6 {[%emt 0:03:49]} 7. g3 {
[%emt 0:06:00]} Bg7 {[%emt 0:00:11]} 8. Bg2 {[%emt 0:00:06]} O-O {
[%emt 0:00:53]} 9. O-O {[%emt 0:01:21]} Nb6 {[%emt 0:30:04]} 10. Re1 {
[%emt 0:03:35]} Re8 {[%emt 0:03:23]} 11. h3 {[%emt 0:07:37]} a5 {[%emt 0:05:52]
} 12. a4 {[%emt 0:01:45]} h6 {[%emt 0:09:44]} 13. c4 {[%emt 0:13:44]} Nh7 {
[%emt 0:05:25]} 14. c5 {[%emt 0:03:51]} Nd5 {[%emt 0:00:17]} 15. Nc4 {
[%emt 0:00:12]} Nf8 {[%emt 0:01:28]} 16. Bd2 {[%emt 0:06:16]} Be6 {
[%emt 0:02:11]} 17. Nfe5 {[%emt 0:10:12]} Kh7 {[%emt 0:10:00]} 18. Ra3 {
[%emt 0:08:09]} f6 {[%emt 0:03:07]} 19. Nxg6 {[%emt 0:07:37]} Kxg6 {
[%emt 0:00:16]} 20. Rxe6 {[%emt 0:00:07]} Nxe6 {[%emt 0:00:12]} 21. Be4+ {
[%emt 0:00:16]} Kf7 {[%emt 0:00:12]} 22. Qh5+ {[%emt 0:00:07]} Kg8 {
[%emt 0:04:43]} 23. Qg4 {[%emt 0:07:18]} f5 {[%emt 0:09:33]} 24. Bxf5 {
[%emt 0:00:48]} Nxd4 {[%emt 0:00:07]} 25. Be6+ {[%emt 0:00:54]} Kh8 {
[%emt 0:05:03]} 26. Bxh6 {[%emt 0:01:14]} Nxe6 {[%emt 0:03:26]} 27. Qxe6 {
[%emt 0:00:11]} Nf6 {[%emt 0:00:05]} 28. Bxg7+ {[%emt 0:01:54]} Kxg7 {
[%emt 0:00:02]} 29. Ne5 {[%emt 0:00:07]} Qd1+ {[%emt 0:00:45]} 30. Kh2 {
[%emt 0:00:07]} Qd5 {[%emt 0:00:16]} 31. Qf5 {[%emt 0:00:06]} Rh8 {
[%emt 0:01:23]} 32. g4 {[%emt 0:05:18]} Rh7 {[%emt 0:03:28]} 33. Rd3 Qe4 {
[%emt 0:00:33]} 34. Qg5+ {[%emt 0:00:20]} Kf8 {[%emt 0:00:06]} 35. Re3 {
[%emt 0:05:18]} Rg7 {[%emt 0:00:53]} 36. Qh6 {[%emt 0:01:36]} Qh7 {
[%emt 0:00:13]} 37. Qf4 {[%emt 0:00:13]} Kg8 {[%emt 0:00:20]} 38. Qd4 {
[%emt 0:02:06]} Nd5 {[%emt 0:00:37]} 39. Re4 {[%emt 0:00:06]} Rf8 {
[%emt 0:00:24]} 40. f4 {[%emt 0:00:08]} Qh4 {[%emt 0:00:28]} 41. Nf3 {
[%emt 0:00:19]} Qf6 {[%emt 0:00:13]} 42. f5 {[%emt 0:00:08]} Qxd4 {
[%emt 0:01:45]} 43. Nxd4 {[%emt 0:00:05]} Nf6 {[%emt 0:00:46]} 44. Rf4 {
[%emt 0:00:08]} Rd8 {[%emt 0:01:48]} 45. Kg2 {[%emt 0:00:44]} Rd5 {
[%emt 0:01:05]} 46. Kf3 {[%emt 0:02:43]} Nd7 {[%emt 0:00:48]} 47. h4 {
[%emt 0:00:50]} Ne5+ {[%emt 0:00:19]} 0-1

[Event "Tournoi GMI ECAM LaSalle Lyon 2024"]
[Site "?"]
[Date "2024.04.25"]
[Round "5.2"]
[White "Gatineau, Yovann"]
[Black "Boyer, Mahel"]
[Result "1/2-1/2"]
[WhiteElo "2408"]
[BlackElo "2432"]
[PlyCount "52"]
[EventDate "2024.04.??"]
[EventType "tourn"]

1. d4 {[%emt 0:00:39]} e6 {[%emt 0:01:28]} 2. Nf3 {[%emt 0:02:32]} Nf6 {
[%emt 0:06:26]} 3. Bf4 {[%emt 0:07:08]} d6 {[%emt 0:07:14]} 4. Nc3 {
[%emt 0:05:43]} Nc6 {[%emt 0:04:52]} 5. e4 {[%emt 0:01:26]} Be7 {[%emt 0:00:24]
} 6. Bd3 {[%emt 0:03:47]} O-O {[%emt 0:00:47]} 7. O-O {[%emt 0:01:30]} Nxd4 {
[%emt 0:02:08]} 8. Nxd4 {[%emt 0:00:11]} e5 {[%emt 0:00:03]} 9. Be3 {
[%emt 0:02:33]} exd4 {[%emt 0:00:04]} 10. Bxd4 {[%emt 0:00:09]} Be6 {
[%emt 0:00:48]} 11. Nd5 {[%emt 0:05:25]} Bxd5 {[%emt 0:01:33]} 12. exd5 {
[%emt 0:01:52]} Nd7 {[%emt 0:00:02]} 13. Bf5 {[%emt 0:11:59]} Nb6 {
[%emt 0:06:45]} 14. a4 {[%emt 0:12:05]} Bf6 {[%emt 0:00:57]} 15. a5 {
[%emt 0:08:45]} Nxd5 {[%emt 0:01:16]} 16. Bxh7+ {[%emt 0:05:25]} Kxh7 {
[%emt 0:00:22]} 17. Qh5+ {[%emt 0:00:57]} Kg8 {[%emt 0:00:36]} 18. Qxd5 {
[%emt 0:01:01]} c6 {[%emt 0:00:29]} 19. Qc4 {[%emt 0:00:14]} Re8 {
[%emt 0:01:15]} 20. a6 {[%emt 0:04:07]} d5 {[%emt 0:01:05]} 21. Qc3 {
[%emt 0:06:53]} Bxd4 {[%emt 0:00:05]} 22. Qxd4 {[%emt 0:00:08]} b6 {
[%emt 0:00:03]} 23. Rfe1 {[%emt 0:00:56]} Qd7 {[%emt 0:00:12]} 24. h3 {
[%emt 0:01:42]} c5 {[%emt 0:00:22]} 25. Qd3 {[%emt 0:01:01]} Qc6 {
[%emt 0:00:27]} 26. c3 {[%emt 0:02:10]} Rad8 {[%emt 0:01:04]} 1/2-1/2